000 01361cad a22002415a 4500
001 E148179
008 090812e20090811xxkd f s 000 0 eng d
035 _a(Sirsi) u148179
041 0 _aeng
050 0 4 _a333.33 $2 18
110 2 _aRoyal Institution of Chartered Surveyors
_94900
245 0 0 _aRICS housing market survey United Kingdom
_bJuly 2009
_h[electronic resource]
260 _aLondon
_bRICS
_c2009
490 _aRICS Housing Market Survey United Kingdom
_vJuly 2009
520 _aReports that the seasonally adjusted net price balance of surveyors reporting rising rather than falling prices remained in negative territory in July although it narrowed to just 8%. This compares with a -18% reading in June and represents the best outcome since August 2007. New buyer enquiries have also now increased for nine consecutive months although the net balance of surveyors seeing an increase rather than a decrease in buyer interest (compared with the preceding month) was slightly lower than in June.
521 _aAdvanced
590 _aKA
650 2 4 _aRICS HOUSING MARKET SURVEY UNITED KINGDOM
651 4 _aUnited Kingdom
_y
690 _aPROPERTY-RESIDENTIAL PROPERTY-RESIDENTIAL PROPERTY MARKET
856 4 0 _uhttps://www.rics.org/RICSWEB/getpage.aspx?p=fNmsrE12HEiL0s3o9yGIDQ
_zView the item free of charge at www.rics.org...
942 _n0
999 _c109935
_d109935